Luke Cage Franchise - Statistics

General Stats
  • This quiz has been taken 14 times
  • The average score is 2 of 8
Answer Stats
Type Year Name Info % Correct
Web Series 2016-2018 Marvel's Luke Cage Netflix
100%
Comic Series 1972-1986 Power Man and Iron Fist Marvel Comics
56%
Web Series 2015-2019 Marvel's Jessica Jones Netflix
33%
Comic Series 1992-1993 Cage Marvel Comics
22%
Comic Mini-Series 2002 Cage Vol. 2 Marvel Comics
22%
Comic Mini-Series 2011 Power Man and Iron Fist Vol. 2 Marvel Comics
0%
Comic Series 2016-2017 Power Man and Iron Fist Vol. 3 Marvel Comics
0%
Comic Series 2004-2006 The Pulse Marvel Comics
0%
No matching quizzes found
Score Distribution
Percent of People with Each Score
Percentile by Number Answered
Your Score History
You have not taken this quiz